| 000 | 004460000a22001570004500 | ||
|---|---|---|---|
| 003 | MACL | ||
| 005 | 20180228130937.0 | ||
| 008 | 180228b xxu||||| |||| 00| 0 eng d | ||
| 040 | _cmacl | ||
| 100 |
_aशुक्ल ,कमल _967683 |
||
| 245 | _aअंतहीन यात्रा | ||
| 260 |
_b आस्था प्रकाशन _c2004 |
||
| 350 | _a175 | ||
| 650 |
_aनाेवल _970563 |
||
| 942 |
_cBK _k891.433/SHU/N _2ddc |
||
| 999 |
_c10182 _d10182 |
||